| 000 | 00602nam a2200193Ia 4500 | ||
|---|---|---|---|
| 999 |
_c39489 _d39489 |
||
| 001 | 6085 | ||
| 003 | GE_BSU | ||
| 005 | 20190923124015.0 | ||
| 008 | 181216s1966||||ge |||||||||||||| ||geo|| | ||
| 040 | _cGE_BSU | ||
| 041 | _ageo | ||
| 080 | _a821.353.1-91-1 ა-83 | ||
| 245 |
_aარსენას ლექსი : _b[ხალხური ეპოსი] |
||
| 264 |
_aთბილისი : _bნაკადული ; _c1966. |
||
| 300 |
_a50 გვ. ; _c34 სმ. |
||
| 653 | _aარსენას ლექსი | ||
| 653 | _aხალხური ეპოსი | ||
| 942 |
_cBK _2udc |
||